[Event "Titled Tuesday intern op 7th April"]
[Site "Chess.com INT"]
[Date "2020.04.07"]
[Round "4"]
[White "Cerveny, Martin"]
[Black "Cordon Gutierrez, Juan Pedro"]
[Result "1-0"]
[WhiteElo "2386"]
[BlackElo "2269"]
[PlyCount "145"]
[EventDate "2020.04.07"]
[EventType "swiss (blitz)"]
[EventRounds "10"]
[EventCountry "USA"]
[SourceTitle "EXT 2021"]
[Source "ChessBase"]
[SourceDate "2020.10.23"]
[SourceVersion "1"]
[SourceVersionDate "2020.10.23"]
[SourceQuality "1"]

1. d4 d5 2. c4 Bf5 3. cxd5 Bxb1 4. Rxb1 Qxd5 5. a3 c6 6. Nf3 Nf6 7. e3 Nbd7 8. Be2 e6 9. 0-0 Bd6 10. Bd2 0-0 11. b4 a6 12. Qc2 Qf5 13. Qxf5 exf5 14. Bd3 g6 15. Rfc1 Nb6 16. g3 Rfe8 17. Bc3 Nfd5 18. Bd2 Rad8 19. Bc2 Nc4 20. a4 Na3 21. Rb2 Nxc2 22. Rcxc2 Rc8 23. Ne1 b5 24. Nd3 Nb6 25. a5 Nc4 26. Rb3 f6 27. Be1 Bf8 28. Nb2 Nxb2 29. Rcxb2 Rcd8 30. Rc2 Rd6 31. Kf1 Ree6 32. Rb1 Kf7 33. Rbc1 Ke8 34. Bc3 Kd7 35. Ke2 Rd5 36. Kd3 g5 37. f3 h5 38. e4 fxe4+ 39. fxe4 Rdd6 40. Rf1 Bg7 41. Rf5 Re7 42. h3 Rde6 43. Re2 Re8 44. g4 h4 45. Re3 Kc7 46. Re2 R8e7 47. d5 cxd5 48. Rxd5 Rd7 49. Rf2 Rdd6 50. Rff5 Kc6 51. Bd4 Kd7 52. Rc5 Re5 53. Ke3 Rxf5 54. exf5 Rc6 55. Rd5+ Rd6 56. Ke4 Kc6 57. Rc5+ Kd7 58. Rc2 Rc6 59. Bc5 Ke8 60. Kd5 Rc8 61. Re2+ Kf7 62. Re7+ Kg8 63. Ra7 Rd8+ 64. Ke6 Rd3 65. Rxa6 Rxh3 66. Ra8+ Kh7 67. a6 Ra3 68. a7 h3 69. Bd6 Ra6 70. Kd5 Rxd6+ 71. Kxd6 h2 72. Rh8+ Bxh8 73. a8Q 1-0

[Event "Titled Tuesday intern op 7th April"]
[Site "Chess.com INT"]
[Date "2020.04.07"]
[Round "8"]
[White "Ivanisevic, Ivan"]
[Black "Cordon Gutierrez, Juan Pedro"]
[Result "1-0"]
[WhiteElo "2604"]
[BlackElo "2269"]
[PlyCount "41"]
[EventDate "2020.04.07"]
[EventType "swiss (blitz)"]
[EventRounds "10"]
[EventCountry "USA"]
[SourceTitle "EXT 2021"]
[Source "ChessBase"]
[SourceDate "2020.10.23"]
[SourceVersion "1"]
[SourceVersionDate "2020.10.23"]
[SourceQuality "1"]

1. c4 g6 2. Nc3 Bg7 3. d4 c5 4. d5 Bxc3+ 5. bxc3 f5 6. h4 h5 7. Qa4 Nf6 8. Nh3 Qb6 9. f3 Qa6 10. Qxa6 Nxa6 11. d6 e5 12. Bg5 Kf7 13. 0-0-0 Re8 14. e4 Nb8 15. exf5 gxf5 16. Bd3 f4 17. Bxf6 Kxf6 18. Ng5 b6 19. Be4 Nc6 20. Bxc6 dxc6 21. d7 1-0

[Event "Andalucia-chT Honor Oriental"]
[Site "Andalucia"]
[Date "2018.10.21"]
[Round "4.22"]
[White "Cordon Gutierrez, Juan Pedro"]
[Black "Ruiz Sanchez, Andres"]
[Result "1/2-1/2"]
[WhiteElo "2258"]
[BlackElo "2148"]
[PlyCount "209"]
[EventDate "2018.09.30"]
[EventType "team-tourn"]
[EventRounds "7"]
[EventCountry "ESP"]
[SourceTitle "EXT 2020"]
[Source "ChessBase"]
[SourceDate "2019.10.17"]
[SourceVersion "1"]
[SourceVersionDate "2019.10.17"]
[SourceQuality "1"]
[WhiteTeam "Metro"]
[BlackTeam "Cruz Roja Santa Juana"]
[WhiteTeamCountry "ESP"]
[BlackTeamCountry "ESP"]

1. d4 e6 2. g3 f5 3. Bg2 Nf6 4. c4 Be7 5. Nd2 d5 6. Nh3 0-0 7. 0-0 c6 8. Nf4 Na6 9. Nf3 Ne4 10. cxd5 exd5 11. Nd3 Nc7 12. Bf4 Ne6 13. Be5 Bd7 14. e3 Be8 15. Nfe1 Bg5 16. b4 a5 17. Nc5 Qc8 18. f4 Be7 19. a3 b6 20. Nxe4 dxe4 21. g4 g6 22. bxa5 Rxa5 23. Qb3 Rb5 24. Qc3 Nc7 25. Nc2 Nd5 26. Qe1 Rb2 27. Qc1 Rb3 28. Qd2 Qa6 29. Rfe1 Bh4 30. Reb1 Qd3 31. Qxd3 Rxd3 32. Nb4 Rd2 33. Nxd5 cxd5 34. Rxb6 Bf2+ 35. Kh1 Bxe3 36. gxf5 Bxd4 37. Bxd4 Rxd4 38. f6 Ba4 39. Bh3 Kh8 40. Kg2 Rd2+ 41. Kg3 e3 42. Re1 d4 43. Bg4 Bc2 44. Bf3 Bf5 45. a4 Ra2 46. Rb4 Rd8 47. h4 Kg8 48. h5 Kf7 49. Rb6 Be6 50. Bd1 Ra3 51. Bf3 Kxf6 52. Bg4 Re8 53. Rd6 e2+ 54. Kf2 d3 55. a5 Kf7 56. Bf3 Bf5 57. a6 Re7 58. hxg6+ hxg6 59. Rh1 Kg7 60. Rd8 Rxa6 61. Bd5 Rd7 62. Rg8+ Kf6 63. Bc4 Ra4 64. Rf8+ Ke7 65. Rf7+ Kd6 66. Rxd7+ Bxd7 67. Bxd3 Rxf4+ 68. Kxe2 Rf6 69. Rg1 Be8 70. Ke3 Ke7 71. Be4 Rb6 72. Kd4 Kf6 73. Rf1+ Kg7 74. Ke5 Rb5+ 75. Ke6 Rb4 76. Ke5 Bf7 77. Rb1 Ra4 78. Rb7 Ra5+ 79. Kf4 g5+ 80. Kg4 Kf6 81. Rb6+ Be6+ 82. Kg3 Ra3+ 83. Kf2 Ke5 84. Bg2 g4 85. Bb7 Kf4 86. Rb4+ Kg5 87. Re4 Bf5 88. Re3 Ra7 89. Be4 Bxe4 90. Rxe4 Kh4 91. Kg2 Ra2+ 92. Kg1 Kh3 93. Re3+ g3 94. Re1 Kg4 95. Rc1 Kh3 96. Re1 Rg2+ 97. Kh1 Rb2 98. Rc1 Kg4 99. Kg1 Rb4 100. Ra1 Rf4 101. Rc1 Rf3 102. Ra1 Re3 103. Rc1 Kf3 104. Rf1+ Kg4 105. Rf8 1/2-1/2

[Event "Titled Tuesday intern op 5th Jan"]
[Site "Chess.com INT"]
[Date "2016.01.05"]
[Round "8"]
[White "Cordon Gutierrez, Juan Pedro"]
[Black "Kotepalli, Sai Nirupama"]
[Result "1-0"]
[WhiteElo "2244"]
[BlackElo "1944"]
[PlyCount "157"]
[EventDate "2016.01.05"]
[EventType "swiss (blitz)"]
[EventRounds "9"]
[EventCountry "USA"]
[SourceTitle "EXT 2021"]
[Source "ChessBase"]
[SourceDate "2020.10.23"]
[SourceVersion "1"]
[SourceVersionDate "2020.10.23"]
[SourceQuality "1"]

1. e3 d5 2. c4 c6 3. Nf3 Nf6 4. Nc3 Bf5 5. b3 Nbd7 6. cxd5 cxd5 7. Bb2 e6 8. h3 Bd6 9. Nb5 Bb8 10. Ba3 a6 11. Nd6+ Bxd6 12. Bxd6 Qb6 13. Ba3 Qa5 14. Bb2 0-0 15. Be2 Rac8 16. 0-0 Bc2 17. Qe1 Bg6 18. d3 Qxe1 19. Rfxe1 Rc2 20. Ba3 Rfc8 21. Rac1 e5 22. Rxc2 Rxc2 23. Rc1 Rxc1+ 24. Bxc1 e4 25. Ne1 Ne5 26. d4 Nc6 27. Bd2 Nd7 28. Nc2 f5 29. Nb4 Nxb4 30. Bxb4 Kf7 31. Kf1 Ke6 32. Ke1 Nb6 33. a4 Nc8 34. a5 Kd7 35. Bf8 Nd6 36. Bxg7 Nb5 37. Kd2 Kc6 38. Bf8 Be8 39. f3 Nc7 40. fxe4 fxe4 41. g4 Ne6 42. Ba3 Kc7 43. h4 Bb5 44. Bd1 h6 45. Be7 Kd7 46. Bf6 Ke8 47. Be5 Kf7 48. Kc3 Bd7 49. Kb4 Bc6 50. Bf4 Nxf4 51. exf4 Ke6 52. Kc3 Kf6 53. Kd2 Bb5 54. Ke3 Bd3 55. b4 Kg6 56. Ba4 Kf6 57. Be8 Ke7 58. Ba4 Kf6 59. Bb3 Ke6 60. f5+ Kd6 61. g5 hxg5 62. hxg5 Ke7 63. Bxd5 Kd6 64. Bxb7 Bb5 65. Bxe4 Ke7 66. d5 Kd6 67. Kd4 Ke7 68. Bd3 Kd6 69. Bxb5 axb5 70. Ke4 Kd7 71. Ke5 Ke7 72. g6 Kf8 73. f6 Kg8 74. Kd6 Kf8 75. Kd7 Kg8 76. Ke7 Kh8 77. a6 Kg8 78. a7 Kh8 79. a8R# 1-0

[Event "Titled Tuesday intern op 5th Jan"]
[Site "Chess.com INT"]
[Date "2016.01.05"]
[Round "9"]
[White "Hambleton, Aman"]
[Black "Cordon Gutierrez, Juan Pedro"]
[Result "1-0"]
[WhiteElo "2450"]
[BlackElo "2244"]
[PlyCount "145"]
[EventDate "2016.01.05"]
[EventType "swiss (blitz)"]
[EventRounds "9"]
[EventCountry "USA"]
[SourceTitle "EXT 2021"]
[Source "ChessBase"]
[SourceDate "2020.10.23"]
[SourceVersion "1"]
[SourceVersionDate "2020.10.23"]
[SourceQuality "1"]

1. d4 f5 2. Bg5 c6 3. c4 Qb6 4. Qd2 d6 5. h4 Nd7 6. Nc3 Ngf6 7. Nf3 e6 8. g3 d5 9. c5 Qc7 10. Bf4 Qd8 11. a3 Ne4 12. Qc2 Be7 13. b4 0-0 14. e3 h6 15. Ne5 g5 16. hxg5 hxg5 17. Nxd7 Bxd7 18. Be5 Bf6 19. Bxf6 Qxf6 20. Bd3 e5 21. Ne2 Nxf2 22. Kxf2 e4 23. Bb5 cxb5 24. Rh2 Kf7 25. Rah1 Rh8 26. Nc3 Bc6 27. Rxh8 Rxh8 28. Rxh8 Qxh8 29. Kg1 Qh5 30. Qh2 Kg6 31. Qxh5+ Kxh5 32. Kg2 Kg4 33. Nd1 f4 34. Nf2+ Kf5 35. g4+ Kf6 36. Nd1 b6 37. cxb6 axb6 38. Kh3 Kg6 39. Kg2 Kf6 40. Kh3 Ke7 41. Kg2 Kd6 42. Nf2 Bd7 43. Nh3 fxe3 44. Nxg5 Bxg4 45. Kg3 Bh5 46. Nh3 Bf3 47. Nf4 Bd1 48. Ng6 Bh5 49. Nf4 Bf3 50. Ng6 Be2 51. Nf4 Bd1 52. Ng2 e2 53. Kf2 Ke6 54. Nf4+ Kf5 55. Nxd5 Kg4 56. Nc3 e3+ 57. Ke1 Kf3 58. d5 Bb3 59. d6 Be6 60. Nd5 Ke4 61. Nxb6 Kd4 62. d7 Bxd7 63. Nxd7 Kc3 64. Nb8 Kb3 65. Kxe2 Kxa3 66. Nc6 Kb3 67. Kxe3 Kc4 68. Ke4 Kc3 69. Kd5 Kb3 70. Kc5 Ka4 71. Kb6 Kb3 72. Kxb5 Kc3 73. Kc5 1-0

[Event "Titled Tuesday intern op 1st Dec"]
[Site "Chess.com INT"]
[Date "2015.12.01"]
[Round "6"]
[White "Leiva Rodriguez, Jeammarco Giuseppe"]
[Black "Cordon Gutierrez, Juan Pedro"]
[Result "1-0"]
[WhiteElo "2389"]
[BlackElo "2216"]
[PlyCount "49"]
[EventDate "2015.12.01"]
[EventType "swiss (blitz)"]
[EventRounds "9"]
[EventCountry "USA"]
[SourceTitle "EXT 2021"]
[Source "ChessBase"]
[SourceDate "2020.10.23"]
[SourceVersion "1"]
[SourceVersionDate "2020.10.23"]
[SourceQuality "1"]

1. c4 f5 2. Nc3 Nf6 3. g3 d6 4. Bg2 e6 5. e3 Be7 6. Nge2 0-0 7. 0-0 Nc6 8. d4 e5 9. d5 Nb8 10. b3 a5 11. Bb2 h6 12. Qd2 Na6 13. e4 Nc5 14. exf5 Bxf5 15. f4 Nd3 16. fxe5 Ng4 17. Rxf5 Nxb2 18. Rxf8+ Qxf8 19. Rf1 Qd8 20. Qxb2 Bg5 21. Nf4 dxe5 22. Ne6 Be3+ 23. Kh1 Qe7 24. Qe2 Ba7 25. Qxg4 1-0

[Event "Titled Tuesday intern op 30th Dec"]
[Site "Chess.com INT"]
[Date "2014.12.30"]
[Round "2"]
[White "Cordon Gutierrez, Juan Pedro"]
[Black "Naroditsky, Daniel"]
[Result "0-1"]
[WhiteElo "2191"]
[BlackElo "2620"]
[PlyCount "122"]
[EventDate "2014.12.30"]
[EventType "swiss (blitz)"]
[EventRounds "9"]
[EventCountry "USA"]
[SourceTitle "EXT 2021"]
[Source "ChessBase"]
[SourceDate "2020.10.23"]
[SourceVersion "1"]
[SourceVersionDate "2020.10.23"]
[SourceQuality "1"]

1. e4 e5 2. Nc3 Nc6 3. Bc4 Nf6 4. d3 Bb4 5. Nge2 d5 6. exd5 Nxd5 7. 0-0 Be6 8. Bb3 0-0 9. Kh1 Re8 10. f4 exf4 11. Bxf4 Nxf4 12. Nxf4 Bxb3 13. axb3 Bd6 14. Qg4 Ne5 15. Qh3 c6 16. Nh5 Qd7 17. Qxd7 Nxd7 18. Ne4 Be5 19. c3 g6 20. Nf4 f5 21. Ng3 Bxf4 22. Rxf4 Nc5 23. Rd1 Rad8 24. d4 Nxb3 25. h4 Na5 26. h5 Nc4 27. hxg6 hxg6 28. Rf2 Re3 29. Nf1 Re4 30. Rd3 Rde8 31. Rg3 Kf7 32. Rh3 Kg7 33. Kh2 Re2 34. Rxe2 Rxe2 35. b3 Na5 36. b4 Nc4 37. Rf3 b6 38. Kg3 a5 39. bxa5 bxa5 40. Rd3 a4 41. d5 cxd5 42. Rxd5 a3 43. Rd7+ Kf6 44. Ra7 a2 45. Kf3 Re1 46. Ra6+ Ke5 47. Rxa2 Rxf1+ 48. Kg3 Ne3 49. Ra5+ Kf6 50. Ra6+ Kg5 51. Re6 Rc1 52. Kf3 Nd5 53. Re5 Rxc3+ 54. Kf2 Nf4 55. Re8 Rc2+ 56. Kf3 Nxg2 57. Rh8 Nh4+ 58. Kg3 Rc3+ 59. Kh2 Kg4 60. Rh7 Rc2+ 61. Kh1 Kg3 0-1

[Event "ESP-chT CECLUB Div2"]
[Site "Linares"]
[Date "2014.08.20"]
[Round "4.7"]
[White "Cervello Tost, Ferran"]
[Black "Cordon Gutierrez, Juan Pedro"]
[Result "1/2-1/2"]
[WhiteElo "2141"]
[BlackElo "2195"]
[PlyCount "60"]
[EventDate "2014.08.18"]
[EventType "team-swiss"]
[EventRounds "6"]
[EventCountry "ESP"]
[SourceTitle "CBM 162 Extra"]
[Source "ChessBase"]
[SourceDate "2014.10.17"]
[SourceVersion "1"]
[SourceVersionDate "2014.10.17"]
[SourceQuality "1"]
[WhiteTeam "Peona I Peo"]
[BlackTeam "Cadiz Shahmat"]
[WhiteTeamCountry "ESP"]
[BlackTeamCountry "ESP"]

1. d4 Nf6 2. Nf3 e6 3. g3 d5 4. Bg2 Be7 5. 0-0 0-0 6. c4 c6 7. Nc3 b6 8. b3 Bb7 9. Bb2 Nbd7 10. Rc1 dxc4 11. bxc4 c5 12. d5 exd5 13. cxd5 Ne8 14. e4 Bf6 15. Re1 Ne5 16. Nxe5 Bxe5 17. Na4 f6 18. f4 Bxb2 19. Nxb2 Nd6 20. e5 fxe5 21. fxe5 Nf5 22. Be4 Nd4 23. Qh5 g6 24. Bxg6 hxg6 25. Qxg6+ Kh8 26. Qh6+ Kg8 27. Qg6+ Kh8 28. Qh6+ Kg8 29. Qg6+ Kh8 30. Qh6+ Kg8 1/2-1/2

[Event "Cadiz op 17th"]
[Site "Cadiz"]
[Date "2010.07.08"]
[Round "5.3"]
[White "Cordon Gutierrez, Juan Pedro"]
[Black "Razola Garcia, Joaquin"]
[Result "1-0"]
[WhiteElo "2192"]
[BlackElo "2117"]
[PlyCount "67"]
[EventDate "2010.07.05"]
[EventType "swiss"]
[EventRounds "7"]
[EventCountry "ESP"]
[SourceTitle "EXT 2024"]
[Source "ChessBase"]
[SourceDate "2023.10.10"]
[SourceVersion "1"]
[SourceVersionDate "2023.10.10"]
[SourceQuality "1"]

1. e4 e6 2. d4 d5 3. Nd2 c5 4. exd5 exd5 5. Ngf3 Nf6 6. Bb5+ Bd7 7. Bxd7+ Nbxd7 8. 0-0 Be7 9. b3 0-0 10. Bb2 Rc8 11. c4 dxc4 12. Nxc4 b5 13. Ne3 c4 14. bxc4 bxc4 15. Rc1 Qa5 16. Rxc4 Rxc4 17. Nxc4 Qxa2 18. Qe2 Re8 19. Ra1 Qb3 20. Nce5 Nd5 21. Nxd7 Nf4 22. Qd2 Bb4 23. Qxf4 Qxb2 24. Rf1 a5 25. Qf5 Qe2 26. Nde5 Rf8 27. Qd3 Qa2 28. Ng5 g6 29. Qh3 h5 30. Qd7 Kg7 31. d5 Qc2 32. Nexf7 Rxf7 33. Qxf7+ Kh6 34. h4 1-0

[Event "ESP-ch op"]
[Site "Seville"]
[Date "2004.08.20"]
[Round "8"]
[White "Buenafe Moya, Javier"]
[Black "Cordon Gutierrez, Juan Pedro"]
[Result "1-0"]
[WhiteElo "2306"]
[BlackElo "2148"]
[PlyCount "99"]
[EventDate "2004.08.13"]
[EventType "swiss"]
[EventRounds "9"]
[EventCountry "ESP"]
[SourceTitle "CBM 101 Extra"]
[Source "ChessBase"]
[SourceDate "2004.09.01"]
[SourceVersion "2"]
[SourceVersionDate "2004.09.01"]
[SourceQuality "1"]

1. c4 e6 2. g3 d5 3. Bg2 Nf6 4. d4 c6 5. Qc2 Nbd7 6. Nf3 Bd6 7. 0-0 0-0 8. Rd1 Qe7 9. Nbd2 c5 10. e4 cxd4 11. exd5 e5 12. Re1 Bc5 13. Nb3 Bb4 14. Re2 Qd6 15. a3 d3 16. Qxd3 e4 17. Rxe4 Nxe4 18. Qxe4 Bc5 19. Nxc5 Nxc5 20. Qc2 a5 21. b3 Re8 22. Bb2 f6 23. Nd4 Bg4 24. Rf1 Bh5 25. f4 Qb6 26. Bc3 Re3 27. b4 axb4 28. axb4 Na4 29. c5 Nxc5 30. Bd2 Rd3 31. bxc5 Qa6 32. Ne6 Rc8 33. Bb4 Qb5 34. Rb1 Bg6 35. Bf1 b6 36. Rb2 bxc5 37. Bxc5 Qa6 38. Bxd3 Bxd3 39. Ra2 Qb5 40. Rb2 Qa6 41. Qd1 Qc4 42. Rd2 Bf5 43. Rd4 Qa2 44. g4 Bc2 45. Rd2 Bxd1 46. Rxa2 Bxg4 47. Ra7 Kh8 48. Kf2 h5 49. Ke3 Bxe6 50. dxe6 1-0

[Event "Benidorm Bali op-A"]
[Site "Benidorm"]
[Date "2003.11.24"]
[Round "4"]
[White "Cordon Gutierrez, Juan Pedro"]
[Black "Debitsch, Rasmus"]
[Result "1-0"]
[WhiteElo "2209"]
[BlackElo "2124"]
[PlyCount "57"]
[EventDate "2003.11.21"]
[EventType "swiss"]
[EventRounds "9"]
[EventCountry "ESP"]
[SourceTitle "CBM 097 Extra"]
[Source "ChessBase"]
[SourceDate "2004.01.13"]
[SourceVersion "1"]
[SourceVersionDate "2004.01.13"]
[SourceQuality "1"]

1. d4 d5 2. c4 e6 3. g3 Nf6 4. Bg2 Be7 5. Nf3 0-0 6. 0-0 dxc4 7. Qc2 a6 8. Qxc4 b5 9. Qc2 Bb7 10. Bf4 Nc6 11. Rd1 Nb4 12. Qc1 Nbd5 13. Nbd2 Nxf4 14. gxf4 Nd5 15. Nb3 f5 16. Nc5 Bxc5 17. dxc5 c6 18. a4 Qc7 19. e3 Rad8 20. axb5 axb5 21. h4 Ra8 22. Rxa8 Rxa8 23. Qd2 Ra4 24. Ne5 Qe7 25. Bxd5 exd5 26. b3 Ra8 27. Qc2 g6 28. h5 Qh4 29. Kg2 1-0

[Event "El Puerto St Maria op 17th"]
[Site "Cadiz"]
[Date "2002.07.31"]
[Round "3.1"]
[White "Rahal, Michael"]
[Black "Cordon Gutierrez, Juan Pedro"]
[Result "1-0"]
[WhiteElo "2402"]
[BlackElo "2129"]
[PlyCount "51"]
[EventDate "2002.07.29"]
[EventType "swiss"]
[EventRounds "7"]
[EventCountry "ESP"]
[SourceTitle "EXT 2004"]
[Source "ChessBase"]
[SourceDate "2003.11.25"]
[SourceVersion "1"]
[SourceVersionDate "2003.11.25"]
[SourceQuality "1"]

1. e4 c5 2. Nf3 e6 3. d4 cxd4 4. Nxd4 Nc6 5. Nc3 Qc7 6. Be3 a6 7. Bd3 Nf6 8. 0-0 Bd6 9. h3 0-0 10. Kh1 Nxd4 11. Bxd4 e5 12. Be3 h6 13. Qf3 Qd8 14. Rad1 Qe7 15. g4 Bb4 16. g5 hxg5 17. Bxg5 Bxc3 18. Rg1 Kh8 19. Rg4 Bd2 20. Rh4+ Kg8 21. Bxd2 Ne8 22. Qh5 f6 23. Bc4+ d5 24. Bxd5+ Be6 25. Bb4 Nd6 26. Rg1 1-0

[Event "IECG CA.2002.0.00047 email"]
[Site "IECG email"]
[Date "2002.05.01"]
[Round "?"]
[White "Cordon Gutierrez, Juan Pedro"]
[Black "Hnatovsky, Nicholas"]
[Result "0-1"]
[WhiteElo "2133"]
[BlackElo "2188"]
[PlyCount "44"]
[EventDate "2002.05.01"]
[EventType "tourn (corr)"]
[EventRounds "6"]
[SourceTitle "Corr 2008"]
[Source "ChessBase"]
[SourceDate "2008.06.24"]
[SourceVersion "1"]
[SourceVersionDate "2008.06.24"]
[SourceQuality "1"]

1. d4 Nf6 2. c4 e6 3. Nf3 Bb4+ 4. Nbd2 b6 5. g3 Ba6 6. Qc2 Bb7 7. Bg2 Be4 8. Qb3 Bxd2+ 9. Bxd2 0-0 10. 0-0 d6 11. Bh3 Nc6 12. Bc3 Bxf3 13. exf3 d5 14. cxd5 Qxd5 15. Qxd5 Nxd5 16. Bg2 Rfd8 17. f4 Nce7 18. Rfd1 c6 19. Rac1 a5 20. b3 a4 21. b4 a3 22. Bd2 Ra4 0-1